[Event "Copa Latinoamericana de Ajedrez 2011"]
[Site "Montevideo URU"]
[Date "2011.11.03"]
[Round "4.99"]
[White "Rey, Fernando"]
[Black "Nakle, Gonzalo"]
[Result "0-1"]
[WhiteElo "1810"]
[BlackElo "1759"]
[PlyCount "114"]
[EventDate "2011.11.01"]
[EventType "swiss"]
[EventRounds "9"]
[EventCountry "URU"]
[Source "lmi"]
[SourceDate "2011.11.01"]

1. e4 c5 2. Nc3 Nc6 3. g3 g6 4. Bg2 Bg7 5. d3 d6 6. f4 Nh6 7. Nf3 O-O 8. O-O f5
9. Nd5 Be6 10. Ng5 Bd4+ 11. Kh1 Bd7 12. c3 Bg7 13. h3 e6 14. Ne3 Nf7 15. Nf3
Ne7 16. exf5 exf5 17. d4 cxd4 18. Nxd4 Nc6 19. Nb5 Be6 20. Re1 a6 21. Na3 Qd7
22. Nac4 Rae8 23. Qf3 d5 24. Nb6 Qd8 25. Nbxd5 Nd6 26. Qf2 Ne4 27. Bxe4 fxe4
28. Rd1 Ne5 29. Qc2 Nd3 30. Nb4 Bxh3 31. Nxd3 exd3 32. Qxd3 Qb6 33. Qd5+ Kh8
34. Qf3 Be6 35. Rb1 Rd8 36. Bd2 Bd7 37. Kh2 Bc6 38. Qf2 Qb5 39. Kg1 Be4 40.
Rbc1 Qxb2 41. Be1 Qb5 42. Nc2 Qh5 43. Qh2 Qxh2+ 44. Kxh2 Rxd1 45. Rxd1 Bxc2 46.
Rd7 Be4 47. c4 Bc6 48. Re7 Re8 49. Rxe8+ Bxe8 50. c5 Bd4 51. Bb4 Kg7 52. Kg2
Kf6 53. g4 Ke6 54. Kf3 Bc6+ 55. Ke2 Kd5 56. Kd3 Bb5+ 57. Kd2 Ke4 0-1

[Event "Copa Latinoamericana de Ajedrez 2011"]
[Site "Montevideo URU"]
[Date "2011.11.03"]
[Round "4.100"]
[White "Dominguez, Facundo"]
[Black "Gatti, Santiago"]
[Result "1/2-1/2"]
[WhiteElo "1786"]
[BlackElo "1687"]
[PlyCount "77"]
[EventDate "2011.11.01"]
[EventType "swiss"]
[EventRounds "9"]
[EventCountry "URU"]
[Source "lmi"]
[SourceDate "2011.11.01"]

1. e4 c6 2. d4 d5 3. exd5 cxd5 4. Bd3 Nc6 5. Nf3 Bg4 6. Be3 Nf6 7. Nbd2 e6 8.
O-O Bd6 9. c3 O-O 10. Qc2 Rc8 11. h3 Bh5 12. a3 Re8 13. Rfe1 e5 14. dxe5 Nxe5
15. Nxe5 Bxe5 16. Bg5 Qb6 17. Bxf6 Qxf6 18. Bxh7+ Kh8 19. Bf5 Rcd8 20. Bd3 Qf4
21. g3 Qg5 22. Kg2 f6 23. Nf3 Bxf3+ 24. Kxf3 a6 25. Kg2 Bc7 26. Re2 Rxe2 27.
Qxe2 Qe5 28. Re1 Re8 29. f4 Qxe2+ 30. Rxe2 Rxe2+ 31. Bxe2 Bb6 32. Bg4 d4 33.
cxd4 Bxd4 34. Bc8 Bxb2 35. Bxb7 Bxa3 36. Bxa6 Kh7 37. Kf3 g5 38. f5 Kg7 39. Ke4
1/2-1/2

[Event "Copa Latinoamericana de Ajedrez 2011"]
[Site "Montevideo URU"]
[Date "2011.11.03"]
[Round "4.104"]
[White "Ortiz, Soledad"]
[Black "Quevedo, Andreina"]
[Result "1-0"]
[WhiteElo "1723"]
[BlackElo "1530"]
[PlyCount "51"]
[EventDate "2011.11.01"]
[EventType "swiss"]
[EventRounds "9"]
[EventCountry "URU"]
[Source "lmi"]
[SourceDate "2011.11.01"]

1. e4 e5 2. Nf3 Nc6 3. Bb5 a6 4. Ba4 Nf6 5. d3 b5 6. Bb3 Bc5 7. O-O O-O 8. c3
d6 9. Bc2 Bb7 10. Be3 Bxe3 11. fxe3 Re8 12. Nbd2 d5 13. Qe1 dxe4 14. dxe4 Qe7
15. Qg3 b4 16. Nh4 Bc8 17. Ba4 Qd6 18. Rad1 bxc3 19. bxc3 Rd8 20. Nf5 Bxf5 21.
Rxf5 Nd7 22. Bb3 Rf8 23. Nf3 Qe7 24. Bd5 Qc5 25. Ng5 Nf6 26. Rxf6 1-0

[Event "Copa Latinoamericana de Ajedrez 2011"]
[Site "Montevideo URU"]
[Date "2011.11.03"]
[Round "4.105"]
[White "Pos, Marcos"]
[Black "Bengochea, Ricardo"]
[Result "1-0"]
[WhiteElo "1931"]
[BlackElo "1504"]
[PlyCount "120"]
[EventDate "2011.11.01"]
[EventType "swiss"]
[EventRounds "9"]
[EventCountry "URU"]
[Source "lmi"]
[SourceDate "2011.11.01"]

1. e4 e5 2. Nf3 d6 3. Bc4 Qd7 4. O-O b5 5. Be2 Nf6 6. d3 Be7 7. Nc3 O-O 8. d4
b4 9. dxe5 bxc3 10. exf6 Bxf6 11. b3 Qe7 12. Bd3 Ba6 13. Rb1 Bxd3 14. cxd3 c5
15. Bf4 Nc6 16. Rc1 Rad8 17. Re1 Qc7 18. h3 Nd4 19. Nh2 Ne6 20. Bg3 Qa5 21. Ng4
Bg5 22. Ra1 Bf4 23. Bxf4 Nxf4 24. Ne3 Ne6 25. Nc4 Qa6 26. Qc2 Nc7 27. Qxc3 Nb5
28. Qb2 Nd4 29. Rac1 Qb7 30. Ne3 a5 31. Rc4 Qa7 32. Nd5 f6 33. Re3 Rb8 34. Qd2
Ne6 35. Ra4 Ra8 36. Rg3 Qb7 37. Rxa5 Rxa5 38. Qxa5 Qa8 39. Qd2 Qa7 40. Qb2 Qd7
41. Nxf6+ Rxf6 42. Qxf6 Qf7 43. Qxf7+ Kxf7 44. Rf3+ Ke7 45. Re3 Kd7 46. g3 g6
47. f4 Nd4 48. e5 Nf5 49. Rf3 Nd4 50. Rf2 d5 51. g4 Ke6 52. Kf1 h6 53. Ke1 Nc6
54. Kd2 Nd4 55. a4 Kd7 56. Kc3 Nc6 57. Re2 Ke6 58. Ra2 Nb4 59. Ra1 g5 60. f5+
Kxe5 1-0

[Event "Copa Latinoamericana de Ajedrez 2011"]
[Site "Montevideo URU"]
[Date "2011.11.03"]
[Round "4.106"]
[White "Martinez, Carlos"]
[Black "Baes, Diego"]
[Result "0-1"]
[WhiteElo "1882"]
[BlackElo "1377"]
[PlyCount "119"]
[EventDate "2011.11.01"]
[EventType "swiss"]
[EventRounds "9"]
[EventCountry "URU"]
[Source "lmi"]
[SourceDate "2011.11.01"]

1. e4 c5 2. Nf3 d6 3. d4 cxd4 4. Nxd4 Nf6 5. Nc3 a6 6. Be2 e6 7. Bg5 Be7 8. O-O
b5 9. a3 Bb7 10. Bf3 Nbd7 11. Re1 Ne5 12. Be2 Nxe4 13. Bxe7 Qxe7 14. Nxe4 Bxe4
15. Bxb5+ axb5 16. Rxe4 Qb7 17. Qe2 Rb8 18. Re1 O-O 19. c3 Rfc8 20. f4 Nd7 21.
f5 Nc5 22. Rh4 e5 23. f6 exd4 24. Qh5 h6 25. Re7 Qxe7 26. fxe7 dxc3 27. bxc3
Re8 28. Qd5 Rb6 29. Rb4 Rxe7 30. c4 Re5 31. Qa8+ Kh7 32. Qf3 Rb7 33. Rxb5 Rbe7
34. h4 Re3 35. Qf5+ g6 36. Qf6 R3e6 37. Qf3 f5 38. h5 Re1+ 39. Kh2 R1e4 40.
hxg6+ Kxg6 41. Qg3+ Kh5 42. Rxc5 dxc5 43. Qf3+ Kg6 44. Qg3+ Kh7 45. Qd6 R4e5
46. a4 R7e6 47. Qd7+ Kg6 48. a5 f4 49. Qb7 Re1 50. a6 R6e5 51. Kh3 Rg5 52. Qc6+
Kh5 53. Qf3+ Kg6 54. Qd3+ Kf7 55. Qh7+ Ke8 56. Qh8+ Kf7 57. Qh7+ Kf6 58. Qxh6+
Rg6 59. Qxf4+ Kg7 60. Qc7+ 0-1

[Event "Copa Latinoamericana de Ajedrez 2011"]
[Site "Montevideo URU"]
[Date "2011.11.03"]
[Round "4.109"]
[White "Sanchez Britos, Alexander"]
[Black "Homrich Moritz, Diego"]
[Result "0-1"]
[WhiteElo "1682"]
[BlackElo "1793"]
[PlyCount "92"]
[EventDate "2011.11.01"]
[EventType "swiss"]
[EventRounds "9"]
[EventCountry "URU"]
[Source "lmi"]
[SourceDate "2011.11.01"]

1. e4 c5 2. Nf3 d6 3. d4 cxd4 4. Nxd4 Nf6 5. Nc3 Nc6 6. Nxc6 bxc6 7. Bc4 g6 8.
O-O Bg7 9. b4 O-O 10. b5 Nxe4 11. Bb2 Bxc3 12. Bxc3 Nxc3 13. Qd3 Nxb5 14. Bxb5
cxb5 15. Qxb5 a5 16. Qg5 Kg7 17. Rfe1 e5 18. Qxd8 Rxd8 19. h3 Ba6 20. Rad1 Rac8
21. Rd2 Bc4 22. a3 f5 23. Red1 d5 24. g3 Rc5 25. f3 Rdc8 26. f4 e4 27. Kf2 Ba2
28. Rc1 Bb3 29. Ke3 Rxc2 30. Rcxc2 Rxc2 31. Rxc2 Bxc2 32. Kd4 Bb3 33. g4 Kf6
34. g5+ Ke6 35. Ke3 Kd6 36. Kf2 Kc5 37. Kg3 d4 38. h4 e3 39. Kf3 Bd1+ 40. Kg2
d3 41. Kf1 d2 42. h5 e2+ 43. Kf2 e1=Q+ 44. Kg2 Bg4 45. Kh2 Qf2+ 46. Kh1 Bf3#
0-1

[Event "Copa Latinoamericana de Ajedrez 2011"]
[Site "Montevideo URU"]
[Date "2011.11.03"]
[Round "4.110"]
[White "Pintos, Luis"]
[Black "Uslenghi, Leonel"]
[Result "1-0"]
[WhiteElo "1567"]
[BlackElo "1781"]
[PlyCount "62"]
[EventDate "2011.11.01"]
[EventType "swiss"]
[EventRounds "9"]
[EventCountry "URU"]
[Source "lmi"]
[SourceDate "2011.11.01"]

1. c4 f5 2. Nc3 Nf6 3. e3 e5 4. f3 c5 5. Bd3 d6 6. Nge2 Nc6 7. O-O Be6 8. Ng3
g6 9. a3 Bg7 10. Qa4 O-O 11. b4 a6 12. b5 axb5 13. Qxb5 Nb4 14. axb4 Rxa1 15.
bxc5 dxc5 16. Bb2 Rxf1+ 17. Bxf1 b6 18. d3 Nd7 19. Nge2 Nf6 20. Ng3 Bh6 21. e4
Qd4+ 22. Kh1 f4 23. Nd1 Qd6 24. Ne2 Bd7 25. Qb3 Nh5 26. Nec3 g5 27. Nd5 g4 28.
Qxb6 Qxb6 29. Nxb6 Rb8 30. Nxd7 Rxb2 31. Nxb2 gxf3 1-0

[Event "Copa Latinoamericana de Ajedrez 2011"]
[Site "Montevideo URU"]
[Date "2011.11.03"]
[Round "4.111"]
[White "Roibal, Felisardo"]
[Black "Dias Ibañez, Jorge Livi"]
[Result "0-1"]
[WhiteElo "1518"]
[BlackElo "1751"]
[PlyCount "36"]
[EventDate "2011.11.01"]
[EventType "swiss"]
[EventRounds "9"]
[EventCountry "URU"]
[Source "lmi"]
[SourceDate "2011.11.01"]

1. e4 e5 2. f4 Nc6 3. Nf3 d6 4. c3 Nf6 5. d3 Be7 6. Be2 b6 7. Qc2 Bb7 8. O-O h5
9. Rd1 Qd7 10. Na3 O-O-O 11. Nc4 exf4 12. Bxf4 Kb8 13. a4 d5 14. Nce5 Nxe5 15.
Nxe5 Qe6 16. Qb3 g5 17. Nxf7 dxe4 18. Nxd8 Bxd8 0-1

[Event "Copa Latinoamericana de Ajedrez 2011"]
[Site "Montevideo URU"]
[Date "2011.11.04"]
[Round "5.1"]
[White "Bruzon Batista, Lazaro"]
[Black "Fier, Alexandr"]
[Result "1/2-1/2"]
[WhiteElo "2689"]
[BlackElo "2573"]
[PlyCount "54"]
[EventDate "2011.11.01"]
[EventType "swiss"]
[EventRounds "9"]
[EventCountry "URU"]
[Source "lmi"]
[SourceDate "2011.11.01"]

1. c4 Nf6 2. g3 g6 3. Nc3 Bg7 4. d3 O-O 5. e3 d6 6. Bg2 e5 7. Nge2 Nc6 8. h3
Be6 9. Nd5 Qd7 10. Bd2 Ne8 11. b3 Nd8 12. d4 c6 13. Ndc3 f5 14. d5 Bf7 15. e4
cxd5 16. cxd5 b5 17. O-O b4 18. Na4 Rb8 19. Rc1 Nf6 20. f3 Be8 21. Nb2 fxe4 22.
fxe4 a5 23. Be3 Qb7 24. Qd2 Bb5 25. Nc4 Qa6 26. Rc2 Nb7 27. Rfc1 Nd7 1/2-1/2

[Event "Copa Latinoamericana de Ajedrez 2011"]
[Site "Montevideo URU"]
[Date "2011.11.04"]
[Round "5.3"]
[White "Felgaer, Ruben"]
[Black "Mahia, Gustavo"]
[Result "1/2-1/2"]
[WhiteElo "2573"]
[BlackElo "2386"]
[PlyCount "140"]
[EventDate "2011.11.01"]
[EventType "swiss"]
[EventRounds "9"]
[EventCountry "URU"]
[Source "lmi"]
[SourceDate "2011.11.01"]

1. e4 e6 2. d4 d5 3. Nd2 Nf6 4. e5 Nfd7 5. Bd3 c5 6. c3 Nc6 7. Ngf3 Qb6 8. O-O
cxd4 9. cxd4 Nxd4 10. Nxd4 Qxd4 11. Nf3 Qb6 12. Qc2 h6 13. Bd2 Bb4 14. Rac1
Bxd2 15. Qxd2 O-O 16. Bb1 f5 17. exf6 Nxf6 18. Ne5 Bd7 19. Rc3 Bb5 20. Re1 Rac8
21. Rb3 Qc5 22. Rc3 Qb6 23. Rb3 Qc5 24. Ng6 Rfe8 25. h3 Ne4 26. Bxe4 dxe4 27.
Rc3 Bc4 28. Rxe4 Qf5 29. Rg4 Kh7 30. Nh4 Qb1+ 31. Rc1 Qd3 32. Qf4 e5 33. Qf3
Qxf3 34. Nxf3 Bxa2 35. Ra1 Bd5 36. Rxa7 Rc1+ 37. Kh2 Rc2 38. Ra5 Bxf3 39. gxf3
Rxf2+ 40. Kg3 Rxb2 41. Rc5 Re7 42. Re4 Kg6 43. Rcxe5 Rxe5 44. Rxe5 Kf6 45. Re8
b5 46. Rb8 b4 47. h4 Ke5 48. Rb7 Rb1 49. Kg2 g6 50. Rg7 Kf6 51. Rb7 b3 52. Rb6+
Kf5 53. Rb4 h5 54. Rb6 Kf4 55. Rf6+ Ke3 56. Rxg6 Rc1 57. Rb6 Rc3 58. Kg3 Kd2
59. Kf4 Kc2 60. Kg5 Rxf3 61. Kxh5 b2 62. Rxb2+ Kxb2 63. Kg4 Rf1 64. h5 Kc3 65.
h6 Kd4 66. Kg5 Ke5 67. h7 Rh1 68. Kg6 Ke6 69. Kg7 Rg1+ 70. Kf8 Rh1 1/2-1/2

[Event "Copa Latinoamericana de Ajedrez 2011"]
[Site "Montevideo URU"]
[Date "2011.11.04"]
[Round "5.7"]
[White "Perez Ponsa, Federico"]
[Black "Paveto, Kevin"]
[Result "1-0"]
[WhiteElo "2484"]
[BlackElo "2258"]
[PlyCount "113"]
[EventDate "2011.11.01"]
[EventType "swiss"]
[EventRounds "9"]
[EventCountry "URU"]
[Source "lmi"]
[SourceDate "2011.11.01"]

1. e4 e5 2. Nf3 Nc6 3. Bb5 a6 4. Ba4 Nf6 5. O-O b5 6. Bb3 Nxe4 7. d4 d5 8. dxe5
Be6 9. Be3 Be7 10. c3 O-O 11. Nbd2 f5 12. exf6 Nxf6 13. Ng5 Bf5 14. Nde4 Nxe4
15. Qxd5+ Qxd5 16. Bxd5+ Kh8 17. Nxe4 Bd7 18. Rad1 Rae8 19. Nc5 Bxc5 20. Bxc5
Rf5 21. b4 Ree5 22. Bf3 Rxf3 23. gxf3 Bh3 24. f4 Re6 25. f5 Bxf5 26. f4 h6 27.
Kf2 Re4 28. Kg3 Re2 29. Rf2 Re6 30. h3 Kh7 31. a3 Re4 32. Rd5 Kg6 33. Rd1 Kf7
34. Ra1 Rc4 35. Rf3 a5 36. Re3 a4 37. Rd1 g6 38. Rd2 Be6 39. h4 Bf5 40. Rde2 h5
41. Re1 Bg4 42. Rf1 Bf5 43. Rf2 Bd7 44. Rd2 Bf5 45. Bd4 Bg4 46. f5 Bxf5 47. Kf4
Nd8 48. Kg5 Ne6+ 49. Kh6 Rc6 50. Be5 Ke7 51. Bf4 g5 52. hxg5 Kf7 53. Rd7+ Kg8
54. g6 Bxg6 55. Bd6 Bf5 56. Rxe6 Bxe6 57. Rd8+ 1-0

[Event "Copa Latinoamericana de Ajedrez 2011"]
[Site "Montevideo URU"]
[Date "2011.11.04"]
[Round "5.8"]
[White "Fusco, Leonardo"]
[Black "Cubas, Jose"]
[Result "0-1"]
[WhiteElo "2383"]
[BlackElo "2536"]
[PlyCount "112"]
[EventDate "2011.11.01"]
[EventType "swiss"]
[EventRounds "9"]
[EventCountry "URU"]
[Source "lmi"]
[SourceDate "2011.11.01"]

1. e4 e6 2. d4 d5 3. e5 c5 4. c3 Nc6 5. Nf3 Qb6 6. a3 Bd7 7. b4 cxd4 8. cxd4
Rc8 9. Bb2 Nge7 10. Nc3 Na5 11. Na4 Qc6 12. Nc5 Nc4 13. Qb3 Nf5 14. Bd3 Be7 15.
O-O b6 16. Nxd7 Qxd7 17. a4 a6 18. b5 axb5 19. axb5 O-O 20. Ra6 f6 21. exf6
Bxf6 22. Bxf5 exf5 23. Re1 Rfe8 24. Rxe8+ Rxe8 25. Bc3 h6 26. h3 Kh7 27. Qb1
Re4 28. Qb3 Qe6 29. Ra2 Qe8 30. Qb1 Nd6 31. Rb2 Re2 32. Rb4 Ne4 33. Be1 Qc8 34.
Rb2 Qc4 35. Rxe2 Qxe2 36. Qb4 Qd1 37. Kh2 Qe2 38. Kg1 Qd1 39. Kh2 Qe2 40. Kg1
Ng5 41. Nxg5+ Bxg5 42. Qb1 Kh8 43. Bc3 Qc4 44. Qb4 Qd3 45. Be1 Bf6 46. Bc3 f4
47. Bb2 Qd1+ 48. Kh2 Qe2 49. Kg1 Kh7 50. Bc3 Qd1+ 51. Kh2 f3 52. gxf3 Qf1 53.
Qb2 Bg5 54. Qc2+ g6 55. Bd2 Qxf2+ 56. Kh1 Bf4 0-1

[Event "Copa Latinoamericana de Ajedrez 2011"]
[Site "Montevideo URU"]
[Date "2011.11.04"]
[Round "5.9"]
[White "Lemos, Damian"]
[Black "Bentancor, Franco"]
[Result "1-0"]
[WhiteElo "2543"]
[BlackElo "2240"]
[PlyCount "73"]
[EventDate "2011.11.01"]
[EventType "swiss"]
[EventRounds "9"]
[EventCountry "URU"]
[Source "lmi"]
[SourceDate "2011.11.01"]

1. d4 Nf6 2. c4 g6 3. g3 Bg7 4. Bg2 O-O 5. Nc3 d6 6. Nf3 a6 7. O-O Nc6 8. h3
Bd7 9. Bg5 h6 10. Be3 Rb8 11. Rc1 b5 12. cxb5 axb5 13. d5 Na5 14. b4 Nc4 15.
Bd4 e5 16. dxe6 fxe6 17. Nd2 c6 18. Nxc4 bxc4 19. Bxf6 Bxf6 20. Qxd6 Be7 21.
Qd2 Bxb4 22. Qxh6 Bxc3 23. Rxc3 Qf6 24. Rxc4 Rb2 25. Rf4 Qg7 26. Rxf8+ Kxf8 27.
Qc1 Rxe2 28. Bxc6 Rxa2 29. Rd1 Bxc6 30. Qxc6 Qf6 31. Qc5+ Kg7 32. Rd7+ Kh6 33.
Qe3+ g5 34. Rd6 Ra1+ 35. Kg2 Ra2 36. h4 Kh5 37. hxg5 1-0

[Event "Copa Latinoamericana de Ajedrez 2011"]
[Site "Montevideo URU"]
[Date "2011.11.04"]
[Round "5.10"]
[White "Fell, Sebastian"]
[Black "Tristan, Leonardo"]
[Result "1-0"]
[WhiteElo "2194"]
[BlackElo "2463"]
[PlyCount "75"]
[EventDate "2011.11.01"]
[EventType "swiss"]
[EventRounds "9"]
[EventCountry "URU"]
[Source "lmi"]
[SourceDate "2011.11.01"]

1. e4 c5 2. Nf3 d6 3. d4 cxd4 4. Nxd4 Nf6 5. Nc3 g6 6. Be3 Bg7 7. f3 O-O 8. Qd2
Nc6 9. g4 Nxd4 10. Bxd4 Be6 11. O-O-O Qa5 12. a3 Rfc8 13. h4 Bc4 14. Bh3 Rc6
15. h5 b5 16. hxg6 hxg6 17. g5 Nh5 18. Bg4 e5 19. Be3 Nf4 20. Bxf4 exf4 21. Nd5
Qd8 22. Qxf4 Bxd5 23. Rxd5 Qc7 24. Qd2 b4 25. a4 b3 26. c3 Rc4 27. Rb5 Rxa4 28.
Qd5 Rb8 29. Kd2 Ra2 30. Rxb8+ Qxb8 31. Rb1 Be5 32. Kd3 Kg7 33. f4 Bxf4 34. Rf1
Rxb2 35. Rxf4 Qc7 36. Bd1 Rg2 37. Bxb3 Rg3+ 38. Ke2 1-0

[Event "Copa Latinoamericana de Ajedrez 2011"]
[Site "Montevideo URU"]
[Date "2011.11.04"]
[Round "5.10"]
[White "Perez Gormaz, Matias"]
[Black "Zambrana, Oswaldo"]
[Result "0-1"]
[WhiteElo "2216"]
[BlackElo "2502"]
[PlyCount "148"]
[EventDate "2011.11.01"]
[EventType "swiss"]
[EventRounds "9"]
[EventCountry "URU"]
[Source "lmi"]
[SourceDate "2011.11.01"]

1. e4 c5 2. Nf3 Nc6 3. d4 cxd4 4. Nxd4 Nf6 5. Nc3 e5 6. Ndb5 d6 7. Bg5 a6 8.
Na3 b5 9. Bxf6 gxf6 10. Nd5 f5 11. Bd3 Be6 12. c3 Bg7 13. O-O O-O 14. Qh5 f4
15. Nc2 Kh8 16. a4 bxa4 17. Rxa4 a5 18. Na3 f5 19. Nc4 Bf7 20. Qh3 Bxd5 21.
exd5 Ne7 22. Rfa1 Rf6 23. Nxa5 e4 24. Nc6 Rxa4 25. Rxa4 Qe8 26. Bb5 Nxd5 27.
Nd4 Qb8 28. b4 Ne7 29. Qh4 Qc8 30. c4 Rf7 31. Qh5 Rf8 32. Ra7 Ng6 33. Nc6 Qe6
34. Qd1 f3 35. g3 Nf4 36. Re7 Nh3+ 37. Kf1 Qh6 38. c5 dxc5 39. bxc5 f4 40. Nd8
Qf6 41. Rxe4 fxg3 42. hxg3 Rxd8 43. Qxd8+ Qxd8 44. Re8+ Qxe8 45. Bxe8 Bd4 46.
c6 Bb6 47. Bh5 Ng5 48. Ke1 Kg7 49. Kd2 Kf6 50. c7 Bxc7 51. Ke3 Ke5 52. Bxf3
Bb6+ 53. Ke2 Nh3 54. Kf1 Nxf2 55. Kg2 Nd3 56. Bc6 Kd4 57. Bd7 Ne5 58. Bf5 h6
59. g4 Ke3 60. Bc8 Kf4 61. Be6 Bc5 62. Bc8 Nc4 63. Kh3 Ne3 64. Bd7 Bb4 65. Bc8
Kf3 66. Kh4 Be7+ 67. Kh5 Bg5 68. Bd7 Kf4 69. Bc8 Nd5 70. Be6 Ne7 71. Bd7 Ke5
72. Be8 Kf6 73. Bc6 Kg7 74. Bd5 Ng6 0-1

[Event "Copa Latinoamericana de Ajedrez 2011"]
[Site "Montevideo URU"]
[Date "2011.11.04"]
[Round "5.11"]
[White "Cristobal, Manuel"]
[Black "Cori Tello, Jorge"]
[Result "0-1"]
[WhiteElo "2208"]
[BlackElo "2482"]
[PlyCount "46"]
[EventDate "2011.11.01"]
[EventType "swiss"]
[EventRounds "9"]
[EventCountry "URU"]
[Source "lmi"]
[SourceDate "2011.11.01"]

1. d4 d5 2. c4 c6 3. cxd5 cxd5 4. Nc3 Nf6 5. Nf3 Nc6 6. Bf4 a6 7. e3 Bg4 8. Be2
Bxf3 9. Bxf3 e6 10. Rc1 Rc8 11. O-O Be7 12. Na4 Nd7 13. e4 dxe4 14. Bxe4 Nf6
15. Bxc6+ bxc6 16. Rc4 O-O 17. Qc2 Nd5 18. Bd2 Bg5 19. Bxg5 Qxg5 20. Rxc6 Nf4
21. g3 Qd5 22. gxf4 Rxc6 23. Qe2 e5 0-1

[Event "Copa Latinoamericana de Ajedrez 2011"]
[Site "Montevideo URU"]
[Date "2011.11.04"]
[Round "5.12"]
[White "Rodriguez Vila, Andres"]
[Black "Oddone, Cristhian"]
[Result "1-0"]
[WhiteElo "2505"]
[BlackElo "2197"]
[PlyCount "92"]
[EventDate "2011.11.01"]
[EventType "swiss"]
[EventRounds "9"]
[EventCountry "URU"]
[Source "lmi"]
[SourceDate "2011.11.01"]

1. f4 c5 2. Nf3 Nc6 3. g3 g6 4. Bg2 Bg7 5. O-O Nf6 6. c3 O-O 7. Qc2 d5 8. d3 b6
9. e4 dxe4 10. dxe4 Qc7 11. e5 Nd5 12. Ng5 e6 13. Na3 Ba6 14. Re1 Rad8 15. h4
Nde7 16. Be3 Na5 17. Rad1 Nf5 18. Bf2 h5 19. Ne4 Rxd1 20. Rxd1 Rd8 21. Rxd8+
Qxd8 22. b4 cxb4 23. cxb4 Bf8 24. bxa5 Bxa3 25. axb6 axb6 26. Qa4 Qd3 27. Kh2
Bc5 28. Nxc5 bxc5 29. Qc6 Qa3 30. Kh3 Be2 31. Qa8+ Qxa8 32. Bxa8 c4 33. Be3
Nxe3 34. a4 Nc2 35. Be4 Na3 36. Bc6 Nb1 37. a5 Nc3 38. a6 Na4 39. Bxa4 Bf3 40.
Kh2 c3 41. Kg1 Be4 42. a7 Kf8 43. Kf2 Ke7 44. Ke3 Bd5 45. Kd3 Kd8 46. Kxc3 Kc7
1-0

[Event "Copa Latinoamericana de Ajedrez 2011"]
[Site "Montevideo URU"]
[Date "2011.11.04"]
[Round "5.13"]
[White "Chadwick, Norman"]
[Black "Real De Azua, Ernesto"]
[Result "1/2-1/2"]
[WhiteElo "2196"]
[BlackElo "2459"]
[PlyCount "43"]
[EventDate "2011.11.01"]
[EventType "swiss"]
[EventRounds "9"]
[EventCountry "URU"]
[Source "lmi"]
[SourceDate "2011.11.01"]

1. Nf3 Nf6 2. g3 d5 3. Bg2 c6 4. O-O Bf5 5. d3 h6 6. Nbd2 e6 7. Qe1 Bh7 8. e4
Be7 9. Qe2 O-O 10. Re1 Re8 11. h3 c5 12. Ne5 Qc7 13. f4 Nc6 14. Nxc6 Qxc6 15.
c4 Qa6 16. b3 Rad8 17. Bb2 dxe4 18. dxe4 Nd7 19. Qg4 Nf6 20. Qe2 Nd7 21. Qg4
Nf6 22. Qe2 1/2-1/2

[Event "Copa Latinoamericana de Ajedrez 2011"]
[Site "Montevideo URU"]
[Date "2011.11.04"]
[Round "5.15"]
[White "Perez, Maximiliano"]
[Black "Cori Tello, Deysi"]
[Result "1-0"]
[WhiteElo "2193"]
[BlackElo "2414"]
[PlyCount "107"]
[EventDate "2011.11.01"]
[EventType "swiss"]
[EventRounds "9"]
[EventCountry "URU"]
[Source "lmi"]
[SourceDate "2011.11.01"]

1. e4 e6 2. d4 d5 3. e5 c5 4. c3 Nc6 5. Nf3 Bd7 6. Be2 Nge7 7. Na3 cxd4 8. cxd4
Ng6 9. h4 Bb4+ 10. Kf1 O-O 11. h5 Nh8 12. h6 g6 13. Nc2 Be7 14. Ne3 f6 15. exf6
Bxf6 16. Ng4 Nf7 17. Nxf6+ Qxf6 18. Rh4 Nd6 19. Bg5 Qf7 20. Bd3 e5 21. dxe5
Nxe5 22. Rf4 Qe6 23. Nd4 Qe8 24. Bc2 Ndf7 25. Qc1 Rc8 26. Qd2 Nc4 27. Qc1 Nce5
28. Qd2 Nc4 29. Qc1 Qe5 30. Bf6 Qd6 31. Bg7 Rfe8 32. Kg1 Nce5 33. Rf6 Qe7 34.
f3 Nxh6 35. Qxh6 Qxg7 36. Qxg7+ Kxg7 37. Rd6 Bc6 38. Bb3 Nf7 39. Re6 Rxe6 40.
Nxe6+ Kf6 41. Nd4 Ke5 42. Rd1 Nd6 43. g3 Rc7 44. f4+ Kf6 45. g4 b6 46. Kg2 Re7
47. Kf3 Ne4 48. Ne2 Bd7 49. Rd4 h5 50. gxh5 gxh5 51. Bxd5 Bg4+ 52. Kg2 Nc5 53.
Nc3 Rd7 54. Kg3 1-0

[Event "Copa Latinoamericana de Ajedrez 2011"]
[Site "Montevideo URU"]
[Date "2011.11.04"]
[Round "5.16"]
[White "Rodi, Luis Ernesto"]
[Black "Rioseco Pinochet, Fernan"]
[Result "0-1"]
[WhiteElo "2406"]
[BlackElo "2192"]
[PlyCount "66"]
[EventDate "2011.11.01"]
[EventType "swiss"]
[EventRounds "9"]
[EventCountry "URU"]
[Source "lmi"]
[SourceDate "2011.11.01"]

1. e4 e6 2. d4 a6 3. Nd2 c5 4. Ngf3 b5 5. a4 b4 6. Bd3 Nf6 7. e5 Nd5 8. Ne4
cxd4 9. Nxd4 Qc7 10. f4 Bb7 11. Qe2 Nc6 12. Nb3 Be7 13. O-O g6 14. Bd2 O-O 15.
Rf3 f5 16. exf6 Bxf6 17. Raf1 Bxb2 18. Ng5 Rae8 19. Rh3 Rxf4 20. Rxh7 Nd4 21.
Nxd4 Bxd4+ 22. Kh1 Ref8 23. Rf3 Rxf3 24. Nxf3 Kxh7 25. Qe4 Nf4 26. Qxd4 Bxf3
27. gxf3 Nxd3 28. Qxd3 Qc6 29. Kg2 a5 30. h4 Rf5 31. Kg3 Rd5 32. Qe3 Qd6+ 33.
Qf4 Rxd2 0-1

[Event "Copa Latinoamericana de Ajedrez 2011"]
[Site "Montevideo URU"]
[Date "2011.11.04"]
[Round "5.18"]
[White "Arcos Facio, Mateo"]
[Black "Valdes Escobar, Alvaro"]
[Result "0-1"]
[WhiteElo "2148"]
[BlackElo "2385"]
[PlyCount "96"]
[EventDate "2011.11.01"]
[EventType "swiss"]
[EventRounds "9"]
[EventCountry "URU"]
[Source "lmi"]
[SourceDate "2011.11.01"]

1. e4 c5 2. Nf3 d6 3. d4 cxd4 4. Nxd4 Nf6 5. Nc3 a6 6. Be2 e5 7. Nb3 Be7 8. O-O
O-O 9. Be3 Be6 10. Nd5 Nxd5 11. exd5 Bf5 12. Qd2 Nd7 13. Na5 Qc7 14. Rac1 e4
15. Bd4 Bf6 16. Bxf6 Nxf6 17. c4 Bd7 18. b4 b6 19. Nb3 a5 20. a3 axb4 21. axb4
Ra3 22. Nd4 Rc8 23. Qf4 Ra2 24. g4 h6 25. h4 Rb2 26. g5 hxg5 27. hxg5 Nh7 28.
Bg4 Bxg4 29. Qxg4 Re8 30. Nc6 Nf8 31. Ra1 Qd7 32. Qxd7 Nxd7 33. Ra7 Ne5 34. Kg2
Nxc4 35. Rh1 Ne3+ 36. Kg3 Nxd5 37. Rd1 Rb3+ 38. Kg4 e3 39. g6 fxg6 40. Rxd5 e2
41. Ne7+ Kh7 42. Nxg6 Rxb4+ 43. f4 e1=Q 44. Rg5 Qe2+ 45. Kh4 Qe1+ 46. Kg4 Qg1+
47. Kh4 Qh2+ 48. Kg4 Rb3 0-1

[Event "Copa Latinoamericana de Ajedrez 2011"]
[Site "Montevideo URU"]
[Date "2011.11.04"]
[Round "5.19"]
[White "Lopez Falcon, Jorge"]
[Black "De Dovitiis, Alejo"]
[Result "0-1"]
[WhiteElo "2126"]
[BlackElo "2366"]
[PlyCount "56"]
[EventDate "2011.11.01"]
[EventType "swiss"]
[EventRounds "9"]
[EventCountry "URU"]
[Source "lmi"]
[SourceDate "2011.11.01"]

1. d4 Nf6 2. c4 e6 3. g3 c5 4. Nf3 cxd4 5. Nxd4 d5 6. Bg2 e5 7. Nf3 d4 8. O-O
Nc6 9. e3 Bc5 10. exd4 exd4 11. Nbd2 O-O 12. Nb3 Qb6 13. Nxc5 Qxc5 14. Qb3 Be6
15. Nd2 Rab8 16. Qb5 Qxb5 17. cxb5 Nb4 18. b3 Nc2 19. Rb1 Bf5 20. Nc4 Ne4 21.
g4 Bg6 22. Ne5 Rfe8 23. Nxg6 hxg6 24. Bf3 Nc3 25. Rb2 Ne1 26. Bh1 Ne2+ 27. Rxe2
Rxe2 28. Bf4 Rd8 0-1